=LDR 00000nam 2200000 4500 =001 000646 =005 20250711125848 =035 ##$$a 0010-0725000514 =007 ta =008 250711################a##########0#ind## =020 ##$$a 978-623-472-456-1 =082 ##$$a 398.209 598 =084 ##$$a 398.209 598 SEV =100 #$$a Sevvel, Thirupurasundari =245 1#$$a Rumah Besar Malar /$c Thirupurasundari Sevvel =250 ##$$a Cetakan Pertama =260 ##$$a Jakarta :$b Badan Pengembangan dan Pembinaan Bahasa,$c 2022 =300 ##$$a 24 hlm. : $b Ilus. ; $c 22,9 cm =650 #4$$a CERITA ANAK INDONESIA-TERJEMAHAN =650 #4$$a LITERASI-BAHAN BACAAN =990 ##$$a TBM04140414